Medical plants of Greece

Αποθηκεύτηκε σε:
Λεπτομέρειες βιβλιογραφικής εγγραφής
Κύριος συγγραφέας: Σφήκας, Γεώργιος
Άλλοι συγγραφείς: Sutton, Ellen (trlf)
Μορφή: Βιβλίο
Γλώσσα:English
Greek
Δημοσίευση: Athnes : Efstathiadis Group, 2001.
Θέματα:
Ετικέτες: Προσθήκη ετικέτας
Δεν υπάρχουν, Καταχωρήστε ετικέτα πρώτοι!

MARC

LEADER 00000cam a2200000 i 4500
001 1/50783
008 140704s2001 gr | ||| |||| ||eng||
020 |a 960-226-076-9 
035 |l 10118219 
040 |a GR-MyUA  |b gre  |e AACR2 
041 1 |a eng  |h gre 
082 0 |a 581.09495  |2 (23) 
100 1 |a Σφήκας, Γεώργιος. 
245 1 0 |a Medical plants of Greece /   |c by George Sfikas ; translated by Ellen Sutton.  
260 |a Athnes :   |b Efstathiadis Group,   |c 2001.  
300 |a 142 σ. :   |b εικ. ;   |c 12x8 εκ.  
500 |a With illustrations in colour by the author 
650 0 0 |a Plants, Medicinal. 
650 0 0 |a Plants  |z Greece  |x Classification. 
650 0 0 |a Herbs  |x Therapeutic use  |z Greece. 
700 1 |a Sutton, Ellen,  |e trlf 
765 0 8 |i Μετάφραση του:   |t Φαρμακευτικά φυτά της Ελλάδας / 
852 |a INST  |b LESVOS  |e 20140704  |h 581.09495 ΣΦΗ  |p 005100054577  |q 005100054577  |t BK  |y 0 
901 |a BIBL1-2014-2 
909 |a Λ  |b 189997 
970 |a ΤΖΑΦΕΡΗ  |b ΕΥΑΓΓΕΛΙΑ  |z 2014/07/04